| 000 | 00609nam a2200205Ia 4500 | ||
|---|---|---|---|
| 005 | 20250508165342.0 | ||
| 008 | 008 250505s9999 xx 000 0 hin d | ||
| 020 | _a978-81-203-4822-6 | ||
| 037 | _aTextual | ||
| 040 |
_aFEDL _beng _cFEDL |
||
| 041 |
_ahin _2eng |
||
| 084 |
_a305.4, PAT _qFEDL |
||
| 100 |
_aPathak Ravindra Kumar _9780557 |
||
| 245 | 0 | _aSamantar dristi ki rah: Rachnatmak evam vaicharik paridrshye ka stree- vivek | |
| 260 |
_aDelhi, India _bYash Publications _c2013 |
||
| 300 | _a243p. | ||
| 365 |
_aINR _b595 |
||
| 942 |
_cTEXL _h305.4, PAT |
||
| 999 |
_c1394626 _d1394626 |
||